[Event "Gatineau Commanditaires"]
[Site "Gatineau CAN"]
[Date "2013.03.12"]
[Round "3"]
[White "Jobin, Gilles G"]
[Black "Lemieux, Denis"]
[Result "1-0"]
[WhiteElo "1816"]
[BlackElo "1598"]
[PlyCount "77"]
[GameId "2160767909381586"]
[EventDate "2013.02.26"]
[EventType "swiss"]
[EventRounds "4"]
[EventCountry "CAN"]
[SourceTitle "EXT 2022"]
[Source "ChessBase"]
[SourceDate "2021.10.06"]
[SourceVersion "1"]
[SourceVersionDate "2021.10.06"]
[SourceQuality "1"]

1. e4 c6 2. d3 d5 3. Nd2 dxe4 4. dxe4 Nf6 5. Ngf3 Bg4 6. Be2 Nbd7 7. O-O e6 8. c3 Be7 9. Nd4 Bxe2 10. Qxe2 O-O 11. e5 Nd5 12. N2f3 c5 13. Nb3 Rc8 14. c4 Nb4 15. Qe4 Nc6 16. Re1 Re8 17. Qg4 Kh8 18. Qh5 g6 19. Qh6 Bf8 20. Qf4 f5 21. Qg3 Kg7 22. Bf4 b6 23. Rad1 Be7 24. Re2 Rg8 25. Red2 Ncb8 26. Nc1 h6 27. h4 Kh7 28. Qh2 Qe8 29. Be3 Rd8 30. Nd3 Qf7 31. Bg5 h5 32. Nf4 Kg7 33. Bxe7 Qxe7 34. Ng5 Kh6 35. Nfxe6 Rde8 36. Qf4 Rh8 37. Nf7+ Kh7 38. Qh6+ Kg8 39. Qg7# 1-0

[Event "Gatineau Commanditaires"]
[Site "Gatineau CAN"]
[Date "2013.03.12"]
[Round "3"]
[White "Legare, Gilles"]
[Black "Latreille, Etienne"]
[Result "0-1"]
[WhiteElo "1056"]
[BlackElo "1474"]
[PlyCount "60"]
[GameId "2160767909381589"]
[EventDate "2013.02.26"]
[EventType "swiss"]
[EventRounds "4"]
[EventCountry "CAN"]
[SourceTitle "EXT 2022"]
[Source "ChessBase"]
[SourceDate "2021.10.06"]
[SourceVersion "1"]
[SourceVersionDate "2021.10.06"]
[SourceQuality "1"]

1. e4 e5 2. Nf3 d6 3. Nc3 c6 4. Bc4 Be6 5. Bb3 Nd7 6. Bxe6 fxe6 7. b4 Ngf6 8. d3 d5 9. Ng5 Bxb4 10. Bd2 Bxc3 11. Bxc3 Qe7 12. Nf3 d4 13. Bd2 O-O 14. O-O Rac8 15. c3 c5 16. a3 b5 17. a4 b4 18. c4 a5 19. Bg5 Rc6 20. Rb1 Rb8 21. Rb3 Qd6 22. Bxf6 Nxf6 23. Ng5 Qd7 24. Qf3 Rf8 25. Qg3 Qc7 26. Nf3 Nd7 27. Qh3 Rf6 28. Qh5 Rg6 29. Ng5 Nf6 30. Nxh7 Nxh5 0-1

[Event "Gatineau Commanditaires"]
[Site "Gatineau CAN"]
[Date "2013.03.12"]
[Round "3"]
[White "Morel, Joseph"]
[Black "Potvin, Daniel"]
[Result "1-0"]
[WhiteElo "1655"]
[BlackElo "1654"]
[PlyCount "103"]
[GameId "2160767909381590"]
[EventDate "2013.02.26"]
[EventType "swiss"]
[EventRounds "4"]
[EventCountry "CAN"]
[SourceTitle "EXT 2022"]
[Source "ChessBase"]
[SourceDate "2021.10.06"]
[SourceVersion "1"]
[SourceVersionDate "2021.10.06"]
[SourceQuality "1"]

1. Nf3 b6 2. e4 Bb7 3. Nc3 e6 4. d4 Bb4 5. Bd3 Nf6 6. Qe2 d5 7. e5 Ne4 8. Bd2 Nxd2 9. Qxd2 Nd7 10. O-O O-O 11. Ng5 g6 12. Qe3 Be7 13. Nh3 c5 14. Nb5 cxd4 15. Nxd4 Nc5 16. Be2 Ba6 17. Bxa6 Nxa6 18. Nc6 Bc5 19. Qh6 Qd7 20. Ng5 f6 21. exf6 Rxf6 22. Ne5 Qc7 23. Ng4 Rf5 24. Nxe6 Qd7 25. Ng5 Bf8 26. Qh3 Qe7 27. f4 Nc5 28. Nh6+ Bxh6 29. Qxh6 Qg7 30. Qh4 h6 31. Nf3 Raf8 32. Ne5 Ne4 33. Nd3 g5 34. Qg4 Qd4+ 35. Kh1 Qf6 36. c3 Qg6 37. Kg1 h5 38. Qe2 g4 39. g3 Re8 40. Ne5 Qd6 41. Qb5 Rc8 42. Rad1 Rc5 43. Qe8+ Qf8 44. Qxf8+ Kxf8 45. Nd7+ Ke7 46. Nxc5 Nxc5 47. Rfe1+ Kd6 48. Re8 Kc6 49. Re5 Rxe5 50. fxe5 Ne4 51. Rf1 h4 52. gxh4 1-0

[Event "Gatineau Commanditaires"]
[Site "Gatineau CAN"]
[Date "2013.03.12"]
[Round "3"]
[White "Piche, Guy"]
[Black "Traversy, Pierre"]
[Result "1-0"]
[WhiteElo "1556"]
[BlackElo "1129"]
[PlyCount "85"]
[GameId "2160767909381591"]
[EventDate "2013.02.26"]
[EventType "swiss"]
[EventRounds "4"]
[EventCountry "CAN"]
[SourceTitle "EXT 2022"]
[Source "ChessBase"]
[SourceDate "2021.10.06"]
[SourceVersion "1"]
[SourceVersionDate "2021.10.06"]
[SourceQuality "1"]

1. f4 d5 2. e3 Nf6 3. Nf3 Nc6 4. Bb5 Bg4 5. b3 e6 6. Bb2 Bd6 7. O-O a6 8. Bxc6+ bxc6 9. d3 c5 10. Nbd2 c6 11. Qe1 Qa5 12. Qc1 Nh5 13. Ne5 Bxe5 14. Bxe5 f6 15. Bb2 O-O 16. h3 Bxh3 17. gxh3 Qb6 18. c4 Qd8 19. Nf3 a5 20. Qe1 Qe8 21. Kh2 Ra7 22. Rg1 Rff7 23. Qh4 Rfe7 24. Bxf6 Nxf6 25. Qxf6 Rf7 26. Qh4 Rf5 27. Ng5 Rxg5 28. Rxg5 a4 29. Rag1 Rf7 30. Qh6 Qf8 31. Rh5 Re7 32. Qxh7+ Kf7 33. Qg6+ Kg8 34. Re5 Qf7 35. Qxf7+ Kxf7 36. f5 Kf6 37. Rxe6+ Rxe6 38. fxe6 dxc4 39. bxc4 a3 40. e7 Kxe7 41. Rxg7+ Ke6 42. h4 Kf6 43. Rg3 1-0

[Event "Gatineau Commanditaires"]
[Site "Gatineau CAN"]
[Date "2013.03.19"]
[Round "4"]
[White "Arsenault, Yves"]
[Black "Piche, Guy"]
[Result "0-1"]
[WhiteElo "1583"]
[BlackElo "1556"]
[PlyCount "120"]
[GameId "2160767909381593"]
[EventDate "2013.02.26"]
[EventType "swiss"]
[EventRounds "4"]
[EventCountry "CAN"]
[SourceTitle "EXT 2022"]
[Source "ChessBase"]
[SourceDate "2021.10.06"]
[SourceVersion "1"]
[SourceVersionDate "2021.10.06"]
[SourceQuality "1"]

1. e4 e5 2. Nf3 d6 3. Nc3 Be7 4. Bc4 c6 5. O-O Nf6 6. h3 b5 7. Bd3 a5 8. a3 Bb7 9. Re1 O-O 10. b3 Nbd7 11. Bb2 Qc7 12. Bf1 b4 13. axb4 axb4 14. Na4 c5 15. d3 Nb6 16. c3 Nxa4 17. bxa4 Qa5 18. Qd2 Bc6 19. Be2 b3 20. Bd1 Rfb8 21. c4 Qa7 22. a5 Bd8 23. a6 Rb6 24. Nh4 Bd7 25. Kf1 Rab8 26. Ra3 Ne8 27. Nf3 Rxa6 28. Rxb3 Ra2 29. Qc1 Ba4 30. Rxb8 Qxb8 31. Bxa4 Rxa4 32. Re2 Nc7 33. Bc3 Na6 34. Rb2 Nb4 35. Ne1 Qa7 36. Bxb4 cxb4 37. Nc2 Qc5 38. Qb1 Bb6 39. Ne3 Qd4 40. Nd5 Bc5 41. Nc7 Ra3 42. Ra2 h6 43. Nb5 Qxd3+ 44. Qxd3 Rxd3 45. Ke2 Rb3 46. Rd2 Rb1 47. Nxd6 b3 48. Nb5 b2 49. Nc3 Rc1 50. Rxb2 Rxc3 51. f3 Rxc4 52. Rb8+ Kh7 53. Rc8 f6 54. g4 Rc1 55. h4 Be3 56. Ra8 Bf4 57. Ra7 Rc2+ 58. Kf1 Bg3 59. Ra3 Bxh4 60. Kg1 Kg6 0-1

[Event "Gatineau Commanditaires"]
[Site "Gatineau CAN"]
[Date "2013.03.19"]
[Round "4"]
[White "Choiniere, Rene"]
[Black "Raymond, Daniel"]
[Result "0-1"]
[WhiteElo "1556"]
[BlackElo "1556"]
[PlyCount "50"]
[GameId "2160767909381594"]
[EventDate "2013.02.26"]
[EventType "swiss"]
[EventRounds "4"]
[EventCountry "CAN"]
[SourceTitle "EXT 2022"]
[Source "ChessBase"]
[SourceDate "2021.10.06"]
[SourceVersion "1"]
[SourceVersionDate "2021.10.06"]
[SourceQuality "1"]

1. e4 c5 2. c3 e6 3. d4 cxd4 4. cxd4 Bb4+ 5. Bd2 Nc6 6. a3 Bxd2+ 7. Qxd2 Nf6 8. Nc3 Qb6 9. Nf3 O-O 10. Be2 d5 11. e5 Ne4 12. Qc2 Nxd4 13. Nxd4 Qxd4 14. Nxe4 dxe4 15. O-O Qxe5 16. f4 Qd4+ 17. Kh1 f5 18. Rad1 Qf6 19. b4 e5 20. Bc4+ Be6 21. Rd7 Rac8 22. Bxe6+ Qxe6 23. Qa4 exf4 24. Rxb7 a6 25. Rd1 Rfd8 0-1

[Event "Gatineau Commanditaires"]
[Site "Gatineau CAN"]
[Date "2013.03.19"]
[Round "4"]
[White "Danilov, Alex"]
[Black "Morel, Joseph"]
[Result "0-1"]
[WhiteElo "1693"]
[BlackElo "1655"]
[PlyCount "44"]
[GameId "2160767909381595"]
[EventDate "2013.02.26"]
[EventType "swiss"]
[EventRounds "4"]
[EventCountry "CAN"]
[SourceTitle "EXT 2022"]
[Source "ChessBase"]
[SourceDate "2021.10.06"]
[SourceVersion "1"]
[SourceVersionDate "2021.10.06"]
[SourceQuality "1"]

1. Nf3 Nf6 2. c4 e6 3. b3 d5 4. Bb2 Be7 5. g3 O-O 6. Bg2 b6 7. e3 Bb7 8. O-O dxc4 9. bxc4 c5 10. Nc3 Nbd7 11. a4 a6 12. Qc2 Qc7 13. Rac1 Rac8 14. Qb1 Rfd8 15. Rfd1 Nf8 16. Ne2 Ng6 17. d3 Rd7 18. d4 Be4 19. Qa1 Qb7 20. d5 exd5 21. Bh3 Bxf3 22. Bxd7 Qxd7 0-1

[Event "Gatineau Commanditaires"]
[Site "Gatineau CAN"]
[Date "2013.03.19"]
[Round "4"]
[White "Latreille, Etienne"]
[Black "Raymond, Robert"]
[Result "0-1"]
[WhiteElo "1474"]
[BlackElo "1358"]
[PlyCount "94"]
[GameId "2160767909381597"]
[EventDate "2013.02.26"]
[EventType "swiss"]
[EventRounds "4"]
[EventCountry "CAN"]
[SourceTitle "EXT 2022"]
[Source "ChessBase"]
[SourceDate "2021.10.06"]
[SourceVersion "1"]
[SourceVersionDate "2021.10.06"]
[SourceQuality "1"]

1. e4 e5 2. Nf3 Nc6 3. Bc4 Bc5 4. d3 Nf6 5. O-O O-O 6. Be3 Be7 7. Nh4 d5 8. exd5 Nxd5 9. Nf3 Nxe3 10. fxe3 Be6 11. Bb5 Bd6 12. Nbd2 Ne7 13. c4 c6 14. Ba4 Nf5 15. Qe2 Qb6 16. Ne4 Bc5 17. Nxc5 Qxc5 18. Kh1 e4 19. Nd2 exd3 20. Qxd3 Qxe3 21. Rf3 Qxd3 22. Rxd3 Rad8 23. Rxd8 Rxd8 24. Nf3 Bxc4 25. Ne5 Bd5 26. Bb3 a6 27. Bxd5 Rxd5 28. Re1 f6 29. Nc4 Kf7 30. b4 Rd4 31. Rc1 Nd6 32. Nxd6+ Rxd6 33. h3 Rd5 34. Rc5 Rxc5 35. bxc5 Ke6 36. g4 Kd5 37. Kg2 Kxc5 38. Kf3 Kd5 39. Kf4 g6 40. h4 h6 41. h5 gxh5 42. gxh5 Ke6 43. Ke4 c5 44. Kd3 b5 45. Kc3 a5 46. Kd3 Ke5 47. Ke3 Kf5 0-1

[Event "Gatineau Commanditaires"]
[Site "Gatineau CAN"]
[Date "2013.03.19"]
[Round "4"]
[White "Legare, Gilles"]
[Black "Traversy, Pierre"]
[Result "0-1"]
[WhiteElo "1056"]
[BlackElo "1129"]
[PlyCount "110"]
[GameId "2160767909381599"]
[EventDate "2013.02.26"]
[EventType "swiss"]
[EventRounds "4"]
[EventCountry "CAN"]
[SourceTitle "EXT 2022"]
[Source "ChessBase"]
[SourceDate "2021.10.06"]
[SourceVersion "1"]
[SourceVersionDate "2021.10.06"]
[SourceQuality "1"]

1. e4 c5 2. c3 d6 3. d4 cxd4 4. cxd4 e6 5. Nf3 Be7 6. Bb5+ Nd7 7. a4 a6 8. Bc4 Nb6 9. Bb3 Bd7 10. O-O Rc8 11. a5 Bb5 12. Re1 Nd7 13. Nc3 Bc4 14. Bd2 Bxb3 15. Qxb3 Qc7 16. Rac1 Qb8 17. Na4 Bd8 18. Rxc8 Qxc8 19. Nb6 Nxb6 20. axb6 h6 21. Rc1 Qd7 22. d5 e5 23. Rc3 h5 24. Be3 Nh6 25. Bxh6 Rxh6 26. Kh1 g6 27. g3 Kf8 28. Nh4 Kg7 29. Rf3 Bxh4 30. gxh4 Rh8 31. Qc2 Rc8 32. Rc3 Qb5 33. Kg2 Rxc3 34. Qxc3 Qxb6 35. b4 Qd8 36. Qg3 f6 37. h3 b5 38. Qc3 Qb8 39. Qa3 Qb6 40. Qc3 Qb8 41. Qa3 f5 42. exf5 gxf5 43. Qg3+ Kf7 44. Qg5 Qg8 45. Qg3 Qg6 46. Qxg6+ Kxg6 47. Kf3 Kf6 48. Ke3 Ke7 49. f4 e4 50. Kd4 Kd7 51. Ke3 Kc7 52. Kd4 Kb6 53. Ke3 a5 54. Kd4 axb4 55. Ke3 Kc5 0-1

[Event "Gatineau Commanditaires"]
[Site "Gatineau CAN"]
[Date "2013.03.19"]
[Round "4"]
[White "Lemieux, Denis"]
[Black "Dagenais, Benoit"]
[Result "1/2-1/2"]
[WhiteElo "1598"]
[BlackElo "1738"]
[PlyCount "62"]
[GameId "2160767909381600"]
[EventDate "2013.02.26"]
[EventType "swiss"]
[EventRounds "4"]
[EventCountry "CAN"]
[SourceTitle "EXT 2022"]
[Source "ChessBase"]
[SourceDate "2021.10.06"]
[SourceVersion "1"]
[SourceVersionDate "2021.10.06"]
[SourceQuality "1"]

1. d4 Nf6 2. c4 e5 3. d5 Ng4 4. e3 Bb4+ 5. Bd2 Bxd2+ 6. Nxd2 d6 7. g3 a5 8. Bg2 Na6 9. h3 Nf6 10. Ne2 Nc5 11. Qc2 Bd7 12. Nc3 O-O 13. e4 Ne8 14. O-O f5 15. f3 f4 16. g4 h5 17. Nb3 Nxb3 18. axb3 b6 19. Qf2 Qg5 20. h4 Qg6 21. g5 Kh8 22. Kh2 Qh7 23. Bh3 g6 24. Qg2 Qf7 25. Bxd7 Qxd7 26. Qh3 Qe7 27. b4 Ng7 28. b5 Ra7 29. Ra4 Rfa8 30. Rfa1 Qe8 31. R1a2 Kh7 1/2-1/2

[Event "Gatineau Commanditaires"]
[Site "Gatineau CAN"]
[Date "2013.03.19"]
[Round "4"]
[White "Simard, Paul"]
[Black "Berthiaume, Serge"]
[Result "1-0"]
[WhiteElo "1223"]
[BlackElo "1480"]
[PlyCount "65"]
[GameId "2160767909381601"]
[EventDate "2013.02.26"]
[EventType "swiss"]
[EventRounds "4"]
[EventCountry "CAN"]
[SourceTitle "EXT 2022"]
[Source "ChessBase"]
[SourceDate "2021.10.06"]
[SourceVersion "1"]
[SourceVersionDate "2021.10.06"]
[SourceQuality "1"]

1. e4 g6 2. d4 Bg7 3. Nf3 c5 4. c3 Nc6 5. dxc5 Qa5 6. Bd2 Qxc5 7. Be3 Qa5 8. Be2 Nf6 9. Nbd2 O-O 10. h3 b6 11. O-O b5 12. b4 Qa3 13. Bxb5 Qxc3 14. a3 Ne8 15. Nc4 Qxa1 16. Qxa1 Bxa1 17. Rxa1 Bb7 18. Ng5 Nc7 19. Ba4 f6 20. Nf3 Ne6 21. Bb3 Rfc8 22. Rd1 Rd8 23. e5 f5 24. Ng5 Nc7 25. Nd6+ Kg7 26. Nxb7 Rdb8 27. Nc5 Nxe5 28. Nxd7 Nxd7 29. Rxd7 Kf6 30. Rxc7 Rb5 31. Rc6+ Kg7 32. Ne6+ Kf6 33. Nd4+ 1-0

[Event "Gatineau Loisirs"]
[Site "Gatineau CAN"]
[Date "2013.10.15"]
[Round "1"]
[White "Choiniere, Rene"]
[Black "Groleau, Gilles"]
[Result "0-1"]
[WhiteElo "1575"]
[BlackElo "1932"]
[PlyCount "70"]
[GameId "2160767909225019"]
[EventDate "2013.10.15"]
[EventType "swiss"]
[EventRounds "4"]
[EventCountry "CAN"]
[SourceTitle "EXT 2022"]
[Source "ChessBase"]
[SourceDate "2021.10.06"]
[SourceVersion "1"]
[SourceVersionDate "2021.10.06"]
[SourceQuality "1"]

1. e4 c5 2. c3 e6 3. d4 d5 4. e5 Nc6 5. Nf3 Qb6 6. a3 Bd7 7. Be2 c4 8. Nbd2 Na5 9. O-O Nb3 10. Nxb3 Ba4 11. Nfd2 Ne7 12. Qe1 Bxb3 13. Nxb3 cxb3 14. Bd3 Nc6 15. Be3 Na5 16. f4 g6 17. g4 Be7 18. Qe2 Rc8 19. Bb5+ Kd8 20. Bd3 Nc4 21. Kh1 Rc7 22. Rf3 Kc8 23. Raf1 Kb8 24. f5 h5 25. fxg6 fxg6 26. Bxc4 dxc4 27. Rf7 Qc6+ 28. Qf3 Qxf3+ 29. R1xf3 hxg4 30. Rg3 Rh3 31. Kg2 b5 32. Rxh3 gxh3+ 33. Kxh3 Bxa3 34. Rxc7 Kxc7 35. bxa3 b2 0-1

[Event "Gatineau Loisirs"]
[Site "Gatineau CAN"]
[Date "2013.10.15"]
[Round "1"]
[White "Ethier, Valori"]
[Black "Morel, Joseph"]
[Result "1-0"]
[WhiteElo "1355"]
[BlackElo "1717"]
[PlyCount "65"]
[GameId "2160767909225021"]
[EventDate "2013.10.15"]
[EventType "swiss"]
[EventRounds "4"]
[EventCountry "CAN"]
[SourceTitle "EXT 2022"]
[Source "ChessBase"]
[SourceDate "2021.10.06"]
[SourceVersion "1"]
[SourceVersionDate "2021.10.06"]
[SourceQuality "1"]

1. e4 d6 2. d4 Nf6 3. Nc3 g6 4. Nf3 Bg7 5. Be2 O-O 6. O-O c6 7. Be3 Nbd7 8. Qd2 b5 9. Bh6 b4 10. Nb1 Nxe4 11. Qe3 Ndf6 12. Bxg7 Kxg7 13. Bd3 d5 14. Nbd2 Nxd2 15. Qxd2 Rb8 16. Rfe1 Qc7 17. Ne5 c5 18. c3 c4 19. Bc2 bxc3 20. Qxc3 Ng4 21. b3 Nxe5 22. Rxe5 e6 23. Rae1 Ba6 24. R1e3 Rfc8 25. b4 Bb5 26. Rh3 Qd7 27. Qe3 f6 28. Rxe6 Qxe6 29. Qh6+ Kf7 30. Qxh7+ Kf8 31. Qh8+ Qg8 32. Qxf6+ Ke8 33. Re3+ 1-0

[Event "Gatineau Loisirs"]
[Site "Gatineau CAN"]
[Date "2013.10.22"]
[Round "2"]
[White "Groleau, Gilles"]
[Black "Jobin, Gilles G"]
[Result "1/2-1/2"]
[WhiteElo "1932"]
[BlackElo "1721"]
[PlyCount "42"]
[GameId "2160767909225031"]
[EventDate "2013.10.15"]
[EventType "swiss"]
[EventRounds "4"]
[EventCountry "CAN"]
[SourceTitle "EXT 2022"]
[Source "ChessBase"]
[SourceDate "2021.10.06"]
[SourceVersion "1"]
[SourceVersionDate "2021.10.06"]
[SourceQuality "1"]

1. e4 e5 2. Nf3 Nc6 3. Bb5 Nd4 4. Nxd4 exd4 5. c3 Qg5 6. Bf1 Qf6 7. cxd4 Qxd4 8. d3 Bb4+ 9. Nd2 d5 10. exd5 Bf5 11. Be2 O-O-O 12. O-O Qxd5 13. Nf3 f6 14. Qa4 Qa5 15. Qxa5 Bxa5 16. Rd1 Ne7 17. Be3 Nc6 18. a3 Bb6 19. Bxb6 axb6 20. Rac1 Rhe8 21. Kf1 Bg4 1/2-1/2

[Event "Gatineau Loisirs"]
[Site "Gatineau CAN"]
[Date "2013.10.22"]
[Round "2"]
[White "Legare, Gilles"]
[Black "Pilon, Robert"]
[Result "0-1"]
[WhiteElo "1143"]
[BlackElo "1410"]
[PlyCount "66"]
[GameId "2160767909225034"]
[EventDate "2013.10.15"]
[EventType "swiss"]
[EventRounds "4"]
[EventCountry "CAN"]
[SourceTitle "EXT 2022"]
[Source "ChessBase"]
[SourceDate "2021.10.06"]
[SourceVersion "1"]
[SourceVersionDate "2021.10.06"]
[SourceQuality "1"]

1. e4 e6 2. Nf3 d5 3. e5 c5 4. c3 Nc6 5. Bb5 Nge7 6. d4 c4 7. Bg5 Bd7 8. b3 a6 9. Bxc6 Bxc6 10. b4 h6 11. Bf4 Nf5 12. Nbd2 Be7 13. Bg3 O-O 14. O-O a5 15. a3 Qd7 16. Kh1 axb4 17. axb4 b6 18. Rxa8 Rxa8 19. Qc1 Ra2 20. Ne1 Qa7 21. Nef3 Qa4 22. Nb1 Rc2 23. Qf4 Qa2 24. Bh4 Nxh4 25. Nxh4 Bg5 26. Qg4 Rxf2 27. Re1 Rb2 28. Nf3 Rxb1 29. Qg3 Qa1 30. Qf2 Rxe1+ 31. Nxe1 Qxc3 32. Nf3 Qc1+ 33. Ng1 Be3 0-1

[Event "Gatineau Loisirs"]
[Site "Gatineau CAN"]
[Date "2013.11.05"]
[Round "4"]
[White "Desjardins, Michel"]
[Black "Danilov, Alex"]
[Result "1-0"]
[WhiteElo "1950"]
[BlackElo "1693"]
[PlyCount "59"]
[GameId "2160767909225058"]
[EventDate "2013.10.15"]
[EventType "swiss"]
[EventRounds "4"]
[EventCountry "CAN"]
[SourceTitle "EXT 2022"]
[Source "ChessBase"]
[SourceDate "2021.10.06"]
[SourceVersion "1"]
[SourceVersionDate "2021.10.06"]
[SourceQuality "1"]

1. e4 c5 2. Nc3 e6 3. Nge2 Nc6 4. g3 d6 5. Bg2 Nge7 6. O-O g6 7. d4 Bg7 8. Be3 b6 9. Qd2 O-O 10. Rad1 Ba6 11. Rfe1 e5 12. dxc5 dxc5 13. Nd5 Nd4 14. Nxe7+ Qxe7 15. Nc3 Bb7 16. Nd5 Bxd5 17. exd5 e4 18. Bg5 f6 19. Rxe4 Qd7 20. Bf4 Rae8 21. c3 Rxe4 22. Bxe4 Nf5 23. d6 Rd8 24. Qd5+ Kh8 25. Bxf5 gxf5 26. Re1 Bf8 27. Re6 Kg7 28. Qxf5 Bxd6 29. Qxf6+ Kg8 30. Rxd6 1-0

[Event "Gatineau Loisirs"]
[Site "Gatineau CAN"]
[Date "2013.11.05"]
[Round "4"]
[White "Guimond, Michel"]
[Black "Morel, Joseph"]
[Result "1/2-1/2"]
[WhiteElo "1917"]
[BlackElo "1717"]
[PlyCount "67"]
[GameId "2160767909225059"]
[EventDate "2013.10.15"]
[EventType "swiss"]
[EventRounds "4"]
[EventCountry "CAN"]
[SourceTitle "EXT 2022"]
[Source "ChessBase"]
[SourceDate "2021.10.06"]
[SourceVersion "1"]
[SourceVersionDate "2021.10.06"]
[SourceQuality "1"]

1. e4 c5 2. Nf3 e6 3. d4 cxd4 4. Nxd4 Nc6 5. Be3 Nf6 6. Nd2 a6 7. f3 Qc7 8. N2b3 Be7 9. Bd3 O-O 10. f4 Nxd4 11. Nxd4 b5 12. e5 Nd5 13. Bd2 d6 14. Qh5 g6 15. Qe2 dxe5 16. fxe5 Rd8 17. Nf3 Bb7 18. O-O-O Nb4 19. Bxb4 Bxb4 20. Rhf1 Qa5 21. Kb1 Bd5 22. a3 Bxa3 23. Ng5 Qb4 24. c3 Qb3 25. Nxf7 Qa2+ 26. Kc1 Qa1+ 27. Bb1 Rdc8 28. Nh6+ Kg7 29. Rf7+ Kh8 30. Rd3 Ba2 31. Rxh7+ Kxh7 32. Rd7+ Kh8 33. Nf7+ Kg7 34. Nh6+ 1/2-1/2

[Event "Gatineau Loisirs"]
[Site "Gatineau CAN"]
[Date "2013.11.05"]
[Round "4"]
[White "Laferriere, Bruno"]
[Black "Lavergne, Daniel"]
[Result "1-0"]
[WhiteElo "1795"]
[BlackElo "1763"]
[PlyCount "57"]
[GameId "2160767909225060"]
[EventDate "2013.10.15"]
[EventType "swiss"]
[EventRounds "4"]
[EventCountry "CAN"]
[SourceTitle "EXT 2022"]
[Source "ChessBase"]
[SourceDate "2021.10.06"]
[SourceVersion "1"]
[SourceVersionDate "2021.10.06"]
[SourceQuality "1"]

1. e4 e5 2. Nf3 Nc6 3. Bb5 a6 4. Ba4 Nf6 5. O-O b5 6. Bb3 Bc5 7. c3 d6 8. d4 Bb6 9. dxe5 dxe5 10. Qxd8+ Nxd8 11. Nxe5 Bb7 12. Be3 Bxe3 13. fxe3 Bxe4 14. Nd2 Bg6 15. a4 Rb8 16. axb5 axb5 17. Ra7 Nd7 18. Nxg6 hxg6 19. Rxc7 Nc5 20. Bd5 Rh5 21. e4 Rb6 22. Ra1 g5 23. Raa7 Rbh6 24. Nf1 g4 25. Ra8 g3 26. Nxg3 Rxh2 27. Nf5 Rh1+ 28. Kf2 Rf6 29. Re7+ 1-0

[Event "Gatineau Loisirs"]
[Site "Gatineau CAN"]
[Date "2013.11.05"]
[Round "4"]
[White "Legare, Gilles"]
[Black "Danis, Jacques"]
[Result "0-1"]
[WhiteElo "1143"]
[BlackElo "1552"]
[PlyCount "50"]
[GameId "2160767909225062"]
[EventDate "2013.10.15"]
[EventType "swiss"]
[EventRounds "4"]
[EventCountry "CAN"]
[SourceTitle "EXT 2022"]
[Source "ChessBase"]
[SourceDate "2021.10.06"]
[SourceVersion "1"]
[SourceVersionDate "2021.10.06"]
[SourceQuality "1"]

1. e4 g6 2. Nc3 Bg7 3. Nf3 d6 4. d4 Nf6 5. Be3 O-O 6. Qd2 Re8 7. Be2 Nbd7 8. Ng5 b6 9. d5 a6 10. Bd4 h6 11. Nh3 Nc5 12. Be3 Ncxe4 13. Qd3 Nxc3 14. bxc3 Bf5 15. Qd1 Nd7 16. Qd2 Bxh3 17. gxh3 Kh7 18. f4 e5 19. f5 gxf5 20. O-O-O f4 21. Bf2 Qf6 22. Bg4 Nc5 23. Bxc5 bxc5 24. c4 e4 25. Rhf1 Qb2# 0-1

[Event "Gatineau Loisirs"]
[Site "Gatineau CAN"]
[Date "2013.11.05"]
[Round "4"]
[White "Lemieux, Denis"]
[Black "Pouliot, Francois R"]
[Result "1-0"]
[WhiteElo "1595"]
[BlackElo "1129"]
[PlyCount "83"]
[GameId "2160767909225063"]
[EventDate "2013.10.15"]
[EventType "swiss"]
[EventRounds "4"]
[EventCountry "CAN"]
[SourceTitle "EXT 2022"]
[Source "ChessBase"]
[SourceDate "2021.10.06"]
[SourceVersion "1"]
[SourceVersionDate "2021.10.06"]
[SourceQuality "1"]

1. d4 Nf6 2. c4 d6 3. Nc3 g6 4. e4 Bg7 5. Bd3 O-O 6. Nge2 Nbd7 7. f4 c5 8. d5 Re8 9. O-O a6 10. h3 b5 11. cxb5 axb5 12. Bxb5 Qb6 13. Kh2 Nxe4 14. a4 Nef6 15. Be3 e6 16. Rc1 exd5 17. Nxd5 Nxd5 18. Qxd5 Bb7 19. Qd2 Qc7 20. b4 Rad8 21. Rfd1 Bf8 22. bxc5 dxc5 23. Bxd7 Rxd7 24. Qxd7 Qc6 25. Qxc6 Bxc6 26. Bxc5 Bxa4 27. Re1 Rc8 28. Bxf8 Rxf8 29. Nc3 Bc6 30. Ne4 Bxe4 31. Rxe4 Kg7 32. Re7 Kg8 33. Rcc7 Kg7 34. g4 Kg8 35. Kg3 Kg7 36. Kh4 h6 37. Kg3 Kg8 38. Kf3 Kg7 39. Ke4 Kf6 40. h4 Kg7 41. Ke5 h5 42. g5 1-0

[Event "Gatineau Loisirs"]
[Site "Gatineau CAN"]
[Date "2013.11.05"]
[Round "4"]
[White "Menard, Marc"]
[Black "Leon, Carlos"]
[Result "0-1"]
[WhiteElo "1461"]
[BlackElo "1710"]
[PlyCount "70"]
[GameId "2160767909225064"]
[EventDate "2013.10.15"]
[EventType "swiss"]
[EventRounds "4"]
[EventCountry "CAN"]
[SourceTitle "EXT 2022"]
[Source "ChessBase"]
[SourceDate "2021.10.06"]
[SourceVersion "1"]
[SourceVersionDate "2021.10.06"]
[SourceQuality "1"]

1. e4 e6 2. d4 d5 3. Nc3 Nf6 4. e5 Nfd7 5. Nf3 c5 6. Bf4 a6 7. Be2 Nc6 8. dxc5 Bxc5 9. O-O Qc7 10. Re1 Qb6 11. Rf1 Qxb2 12. Na4 Qb4 13. Nxc5 Qxf4 14. g3 Qg4 15. Nb3 Qh5 16. Re1 O-O 17. Nfd4 Qxe5 18. Bxa6 Qf6 19. Bb5 Nxd4 20. Nxd4 Nb6 21. Rb1 Rxa2 22. Rb4 e5 23. Nb3 Be6 24. Nc5 Rc8 25. Qb1 d4 26. Ne4 Qd8 27. Bd3 Nd5 28. Rxb7 Nc3 29. Nxc3 Rxc3 30. Rxe5 Ra8 31. Be4 Rca3 32. Qb4 Bh3 33. f3 Ra1+ 34. Kf2 Rh1 35. Qe7 Rxh2+ 0-1

[Event "Gatineau Loisirs"]
[Site "Gatineau CAN"]
[Date "2013.11.05"]
[Round "4"]
[White "Piche, Guy"]
[Black "Potvin, Daniel"]
[Result "1-0"]
[WhiteElo "1745"]
[BlackElo "1560"]
[PlyCount "51"]
[GameId "2160767909225065"]
[EventDate "2013.10.15"]
[EventType "swiss"]
[EventRounds "4"]
[EventCountry "CAN"]
[SourceTitle "EXT 2022"]
[Source "ChessBase"]
[SourceDate "2021.10.06"]
[SourceVersion "1"]
[SourceVersionDate "2021.10.06"]
[SourceQuality "1"]

1. d4 b6 2. c4 Bb7 3. Nc3 e6 4. Nf3 Bb4 5. Bd2 Nf6 6. e3 O-O 7. Bd3 Bxc3 8. Bxc3 Ne4 9. Qc2 f5 10. O-O Nxc3 11. bxc3 Bxf3 12. gxf3 Qg5+ 13. Kh1 Qh5 14. Qe2 Rf6 15. f4 Qh3 16. Rg1 Rg6 17. Rg3 Qh4 18. Rag1 Kf7 19. Qf3 c6 20. Rh3 Rxg1+ 21. Kxg1 Qf6 22. e4 d5 23. cxd5 fxe4 24. dxe6+ Qxe6 25. Bxe4 g6 26. d5 1-0